Walk the line (full screen) (Record no. 3576)
[ view plain ]
| 000 -LEADER | |
|---|---|
| fixed length control field | 03712cgm a2200661Ka 4500 |
| 003 - CONTROL NUMBER IDENTIFIER | |
| control field | OCoLC |
| 005 - DATE AND TIME OF LATEST TRANSACTION | |
| control field | 20241220103124.0 |
| 007 - PHYSICAL DESCRIPTION FIXED FIELD--GENERAL INFORMATION | |
| fixed length control field | vd cvaizq |
| 008 - FIXED-LENGTH DATA ELEMENTS--GENERAL INFORMATION | |
| fixed length control field | 060203s2006 cau136 g vleng d |
| 001 - CONTROL NUMBER | |
| control field | ocm63285136 |
| 024 1# - OTHER STANDARD IDENTIFIER | |
| Standard number or code | 024543224174 |
| 028 02 - PUBLISHER NUMBER | |
| Publisher number | 2232417 |
| Source | 20th Century Fox Home Entertainment |
| 035 ## - SYSTEM CONTROL NUMBER | |
| System control number | (Sirsi) o63285136 |
| 037 ## - SOURCE OF ACQUISITION | |
| Source of stock number/acquisition | Midwest Tape |
| Note | http://www.midwesttapes.com |
| 040 ## - CATALOGING SOURCE | |
| Original cataloging agency | TEFMT |
| Transcribing agency | TEFMT |
| Modifying agency | TEF |
| -- | OCLCA |
| -- | RCS |
| -- | UINTA |
| 043 ## - GEOGRAPHIC AREA CODE | |
| Geographic area code | n-us--- |
| 049 ## - LOCAL HOLDINGS (OCLC) | |
| Holding library | UCLB |
| 050 14 - LIBRARY OF CONGRESS CALL NUMBER | |
| Classification number | PN1995.9.E77 |
| Item number | W355 2006 |
| 082 04 - DEWEY DECIMAL CLASSIFICATION NUMBER | |
| Classification number | 791.43/72 |
| Edition number | 22 |
| 082 ## - DEWEY DECIMAL CLASSIFICATION NUMBER | |
| Classification number | 791.437 WAL FULLSCREEN |
| 092 ## - LOCALLY ASSIGNED DEWEY CALL NUMBER (OCLC) | |
| Classification number | 791.437 WAL FULLSCREEN |
| 245 00 - TITLE STATEMENT | |
| Title | Walk the line (full screen) |
| Medium | [videorecording] / Fox 2000 Pictures ; Tree Line Films ; Konrad Pictures ; Catfish Productions ; produced by James Keach, Cathy Konrad ; written by Gill Dennis & James Mangold ; directed by James Mangold. |
| 250 ## - EDITION STATEMENT | |
| Edition statement | [Full screen ed.] |
| 260 ## - PUBLICATION, DISTRIBUTION, ETC. (IMPRINT) | |
| Place of publication, distribution, etc | Beverly Hills, CA : |
| Name of publisher, distributor, etc | 20th Century Fox Home Entertainment, |
| Date of publication, distribution, etc | [2006] |
| 300 ## - PHYSICAL DESCRIPTION | |
| Extent | 1 videodisc (ca. 136 min.) : |
| Other physical details | sd., col. ; |
| Dimensions | 4 3/4 in. |
| 500 ## - GENERAL NOTE | |
| General note | Title from container. |
| 500 ## - GENERAL NOTE | |
| General note | Originally released as a motion picture in 2005. |
| 508 ## - CREATION/PRODUCTION CREDITS NOTE | |
| Creation/production credits note | Director of photography, Phedon Papamichael ; art directors, John R. Jensen, Rob Simons ; editor, Michael McCusker ; music, T-Bone Burnett ; costume designer, Arianne Phillips ; production designer, David J. Bomba. |
| 511 1# - PARTICIPANT OR PERFORMER NOTE | |
| Participant or performer note | Joaquin Phoenix, Reese Witherspoon, Ginnifer Goodwin, Robert Patrick, Dallas Roberts, Dan John Miller, Larry Bagby, Shelby Lynne, Tyler Hilton, Waylon Payne, Shooter Jennings. |
| 520 ## - SUMMARY, ETC. | |
| Summary, etc | Traces Johnny Cash's childhood, including his distant father to his early attempts at a music career. At this point in his life he marries his girlfriend Vivian. During a tour with singer/musicians Elvis and Jerry Lee Lewis, he encounters singer June Carter, and his love for her, and her rejection of him through the years, spurs him into drugs, drinking, and depression. June is both a sassy spitfire singer whose charm breaks hearts and eventually becomes a sympathetic friend who tries to help Johnny get over her. A true love story of two country music stars. |
| 521 8# - TARGET AUDIENCE NOTE | |
| Target audience note | MPAA rating: PG-13; for some language, thematic material and depiction of drug dependency. |
| 538 ## - SYSTEM DETAILS NOTE | |
| System details note | DVD, region 1, full screen (1.33:1) presentation; Dolby Digital. |
| 546 ## - LANGUAGE NOTE | |
| Language note | Closed-captioned. |
| 586 8# - AWARDS NOTE | |
| Awards note | Golden Globes, USA, 2006: Golden Globe - Best Motion Picture - Musical or Comedy; Best Performance by an Actor in a Motion Picture - Musical or Comedy (Joaquin Phoenix); Best Performance by an Actress in a Motion Picture - Musical or Comedy (Reese Witherspoon). |
| 600 10 - SUBJECT ADDED ENTRY--PERSONAL NAME | |
| Personal name | Cash, Johnny |
| Form subdivision | Drama. |
| 9 (RLIN) | 5792952 |
| 600 10 - SUBJECT ADDED ENTRY--PERSONAL NAME | |
| Personal name | Cash, June Carter, |
| Dates associated with a name | 1929-2003 |
| Form subdivision | Drama. |
| 9 (RLIN) | 5792953 |
| 650 #0 - SUBJECT ADDED ENTRY--TOPICAL TERM | |
| Topical term or geographic name as entry element | Country music |
| General subdivision | Performance |
| Form subdivision | Drama. |
| 9 (RLIN) | 6417336 |
| 650 #0 - SUBJECT ADDED ENTRY--TOPICAL TERM | |
| Topical term or geographic name as entry element | Musicians |
| Geographic subdivision | United States |
| Form subdivision | Biography |
| -- | Drama. |
| 9 (RLIN) | 6417335 |
| 655 #0 - INDEX TERM--GENRE/FORM | |
| Genre/form data or focus term | Feature films. |
| 9 (RLIN) | 6088331 |
| 655 #0 - INDEX TERM--GENRE/FORM | |
| Genre/form data or focus term | Musical films. |
| 9 (RLIN) | 102735 |
| 655 #0 - INDEX TERM--GENRE/FORM | |
| Genre/form data or focus term | Biographical films. |
| 9 (RLIN) | 102649 |
| 655 #0 - INDEX TERM--GENRE/FORM | |
| Genre/form data or focus term | Video recordings for the hearing impaired. |
| 9 (RLIN) | 6088332 |
| 655 #7 - INDEX TERM--GENRE/FORM | |
| Genre/form data or focus term | Musical |
| Form subdivision | Feature. |
| Source of term | local |
| 9 (RLIN) | 5765156 |
| 655 #7 - INDEX TERM--GENRE/FORM | |
| Genre/form data or focus term | Biographical |
| Form subdivision | Feature. |
| Source of term | local |
| 9 (RLIN) | 5755264 |
| 700 1# - ADDED ENTRY--PERSONAL NAME | |
| Personal name | Mangold, James. |
| 9 (RLIN) | 19687 |
| 700 1# - ADDED ENTRY--PERSONAL NAME | |
| Personal name | Phoenix, Joaquin. |
| 9 (RLIN) | 63521 |
| 700 1# - ADDED ENTRY--PERSONAL NAME | |
| Personal name | Witherspoon, Reese, |
| Dates associated with a name | 1976- |
| 9 (RLIN) | 66127 |
| 700 1# - ADDED ENTRY--PERSONAL NAME | |
| Personal name | Goodwin, Ginnifer. |
| 9 (RLIN) | 70895 |
| 700 1# - ADDED ENTRY--PERSONAL NAME | |
| Personal name | Patrick, Robert, |
| Dates associated with a name | 1958- |
| 9 (RLIN) | 63807 |
| 700 1# - ADDED ENTRY--PERSONAL NAME | |
| Personal name | Roberts, Dallas. |
| 9 (RLIN) | 70693 |
| 700 1# - ADDED ENTRY--PERSONAL NAME | |
| Personal name | Papamichael, Phedon. |
| 9 (RLIN) | 69513 |
| 700 1# - ADDED ENTRY--PERSONAL NAME | |
| Personal name | Burnett, T-Bone. |
| 9 (RLIN) | 36116 |
| 710 2# - ADDED ENTRY--CORPORATE NAME | |
| Corporate name or jurisdiction name as entry element | Twentieth Century Fox Home Entertainment, Inc. |
| 9 (RLIN) | 61951 |
| 942 ## - ADDED ENTRY ELEMENTS (KOHA) | |
| Koha item type | DVD |
| 994 ## - | |
| -- | C0 |
| -- | UINTA |
| 979 ## - | |
| -- | 259961 |
| 998 ## - LOCAL CONTROL INFORMATION (RLIN) | |
| -- | a7710 |
| Withdrawn status | Lost status | Source of classification or shelving scheme | Damaged status | Not for loan | Collection code | Home library | Current library | Shelving location | Date acquired | Source of acquisition | Total Checkouts | Total Renewals | Full call number | Barcode | Date last seen | Date checked out | Cost, replacement price | Price effective from | Koha item type |
|---|---|---|---|---|---|---|---|---|---|---|---|---|---|---|---|---|---|---|---|
| Dewey Decimal Classification | Movies | Wasatch County Library | Wasatch County Library | Audio Visual Area | 02/24/2021 | Donation | 7 | 7 | DVD Wal | 34301001711425 | 03/07/2024 | 01/19/2024 | 20.94 | 02/24/2021 | DVD |
